000 01983nam a22002657a 4500
999 _c63063
_d63063
003 Ge_BSU
005 20250528142729.0
008 250528s2022 ge ||||| |||| 00| 0 geo d
020 _a9789941842412
041 _ageo
080 _a1(430) ნ-75
100 _aნიცშე, ფრიდრიხ
_925153
245 _aკერპების მწუხრი, ანუ როგორ ფილოსოფოსობენ ჩაქუჩით /
_cფრიდრიხ ნიცშე; გერმანულიდან თარგმნა, გამოკვლევა და შენიშვნები დაურთო გიორგი თავაძემ; რედაქტორი თამარ ჩოკორაია; აღმოსავლეთ ევროპის უნივერსიტეტი, ვარლამ ჩერქეზიშვილის სახ. ინტერდისციპლინური კვლევების ცენტრი.
250 _aმე-2 ქართული გამოცემა.
264 _aთბილისი :
_bაქტი,
_c2022.
300 _a242 გვ. ;
_b20 სმ.
500 _aშენიშვნები: გვ. 157-226.
501 _aსაძიებლები: გვ. 227-238.
653 _aგერმანული ფილოსოფია
653 _aთარგმანები ქართულ ენაზე
700 _aთავაძე, გიორგი
_eმთარგმნელი
_92230
700 _aჩოკორაია, თამარ
_eრედაქტორი
_925154
710 _aაღმოსავლეთ ევროპის უნივერსიტეტი
_bვარლამ ჩერქეზიშვილის სახ. ინტერდისციპლინური კვლევების ცენტრი.
_925151
942 _2udc
_cᲬᲘᲒᲜᲘ